000 01172cam a22002414a 4500
005 20131029104353.0
008 030109s2004 mdua b 001 0 eng
020 _a084769500X
020 _a0847695018
041 0 _aeng
080 _a304
100 1 _aPirages, Dennis.
245 1 0 _aEcological security :
_cDennis Clark Pirages, Theresa Manley DeGeest.
260 _aLanham :
_bRowman & Littlefield,
_cc2004.
300 _aix, 285 p. :
_bill. ;
_c24 cm.
504 _aIncludes bibliographical references (p. 233-272) and index.
505 0 _aFrom international to global relations -- Demographic change and ecological insecurity -- An assault on the global commons -- Global energy politics: cycles of insecurity -- The political economy of feast and famine -- Globalization and biosecurity -- Technology and ecological security -- Ecologically secure development -- Governance and ecological security.
650 0 _aEkonologjia humane
650 0 _aGlobalizimi
700 1 _aDeGeest, Theresa Manley,
_d1968-
856 4 1 _3Table of contents
_uhttp://www.loc.gov/catdir/toc/fy042/2003000431.html
942 _2udc
_cBK
999 _c208
_d208